[Event "GER-chT Christmas U20 Girls"]
[Site "Playchess.com INT"]
[Date "2020.12.29"]
[Round "7.1"]
[White "Schilay, Maria"]
[Black "Obst, Daria"]
[Result "1-0"]
[WhiteElo "1448"]
[BlackElo "1205"]
[PlyCount "53"]
[EventDate "2020.12.29"]
[EventType "team-swiss (blitz)"]
[EventRounds "7"]
[EventCountry "GER"]
[SourceTitle "CBM 200 Extra"]
[Source "ChessBase"]
[SourceDate "2021.03.31"]
[SourceVersion "1"]
[SourceVersionDate "2021.03.31"]
[SourceQuality "1"]
[WhiteTeam "Vaterstetten Grasbrunn"]
[BlackTeam "Papenburg II"]
[WhiteTeamCountry "GER"]
[BlackTeamCountry "GER"]

1. e4 e5 2. Nf3 Nf6 3. Nc3 Nc6 4. d4 exd4 5. Nxd4 d6 6. Bb5 Bd7 7. Bg5 Be7 8. 0-0 0-0 9. f4 h6 10. Bh4 Ng4 11. Bxe7 Qxe7 12. Bxc6 Ne3 13. Qf3 Nxf1 14. Bxd7 Qxd7 15. Rxf1 c5 16. Nf5 g6 17. Ne3 Rfe8 18. Ned5 Rac8 19. Nf6+ Kg7 20. Nxd7 Rcd8 21. Nd5 Kh7 22. N7f6+ Kh8 23. Nxe8 Rxe8 24. Qc3+ Kh7 25. Nf6+ Kh8 26. Nxe8+ Kh7 27. Qg7# 1-0

[Event "Niedersachsen-ch U12/14 Girls"]
[Site "Norderney"]
[Date "2014.04.13"]
[Round "2"]
[White "Obst, Daria"]
[Black "Palmen, Sarah"]
[Result "0-1"]
[WhiteElo "792"]
[BlackElo "779"]
[PlyCount "42"]
[EventDate "2014.04.??"]
[EventType "tourn"]
[EventRounds "9"]
[EventCountry "GER"]
[SourceTitle "EXT 2017"]
[Source "ChessBase"]
[SourceDate "2016.10.25"]
[SourceVersion "1"]
[SourceVersionDate "2016.10.25"]
[SourceQuality "1"]

1. d4 d6 2. Nf3 Nd7 3. Bf4 g6 4. e3 Bg7 5. Nc3 Ngf6 6. Bd3 Nb6 7. 0-0 Be6 8. Qd2 0-0 9. Rad1 Qd7 10. Ne4 Nfd5 11. c3 Bf5 12. Neg5 Nf6 13. Bxf5 Qxf5 14. Nh4 Qg4 15. g3 Nc4 16. Qc1 Bh6 17. b3 Na5 18. Nh3 Bxf4 19. Nxf4 g5 20. f3 Qd7 21. b4 Nc6 0-1